Normal view
MARC view
Entry Personal Name
001 - CONTROL NUMBER
- control field: 68121
003 - CONTROL NUMBER IDENTIFIER
- control field: dpl
005 - DATE AND TIME OF LATEST TRANSACTION
- control field: 20240704121922.0
008 - FIXED-LENGTH DATA ELEMENTS
- fixed length control field: 240704|| aca||aabn | a|a d
040 ## - CATALOGING SOURCE
- Original cataloging agency: dpl
- Transcribing agency: dpl
100 ## - HEADING--PERSONAL NAME
- Personal name: Priya, Subhangini
670 ## - SOURCE DATA FOUND
- Source citation: Work cat.: (dpl)203950: Priya, Subhangini, NTA UGC NET-SET-JRF:, 2024
